|
|
|
|
| LEADER |
00000nam0a2200000 4500 |
| 001 |
306601 |
| 005 |
20231102001917.0 |
| 020 |
|
|
|a RU
|b 83-53533
|
| 035 |
|
|
|a (RuTPU)RU\TPU\book\331878
|
| 090 |
|
|
|a 306601
|
| 100 |
|
|
|a 20151008d1983 km y0rusy5003 ca
|
| 101 |
0 |
|
|a rus
|
| 102 |
|
|
|a RU
|
| 105 |
|
|
|a a z 001zy
|
| 200 |
1 |
|
|a Город с городом, страна со страной
|f М. С. Самарин
|
| 210 |
|
|
|a Москва
|c Радио и связь
|d 1983
|
| 215 |
|
|
|a 168 с.
|c ил.
|
| 225 |
1 |
|
|a Кем быть!
|
| 320 |
|
|
|a Библиогр.: с. 167
|
| 606 |
1 |
|
|a Выбор профессии
|2 stltpush
|3 (RuTPU)RU\TPU\subj\3831
|9 32178
|
| 606 |
1 |
|
|a Связь предприятия
|x Организация труда
|2 stltpush
|3 (RuTPU)RU\TPU\subj\54305
|9 72462
|
| 610 |
1 |
|
|a телеграф
|
| 610 |
1 |
|
|a телеграфная связь
|
| 610 |
1 |
|
|a телексы
|
| 610 |
1 |
|
|a факсимильная связь
|
| 610 |
1 |
|
|a телефония
|
| 610 |
1 |
|
|a городская телефонная связь
|
| 610 |
1 |
|
|a многоканальная связь
|
| 675 |
|
|
|a 654:658
|z rus
|v 3
|
| 686 |
|
|
|a Ч421.202
|2 rubbk
|
| 700 |
|
1 |
|a Самарин
|b М. С.
|g Михаил Сергеевич
|4 070
|
| 801 |
|
0 |
|a RU
|b RuMRKP
|c 19950704
|g psbo
|
| 801 |
|
1 |
|a RU
|b 63413507
|c 20151008
|
| 801 |
|
2 |
|a RU
|b 63413507
|c 20190717
|g RCR
|
| 942 |
|
|
|c BK
|